International Journal of American Linguistics / (ბიბ.ჩანაწერი № 58141)
[ მარტივი ფორმატი ]
| 000 -LEADER | |
|---|---|
| fixed length control field | 00612nam a22001817a 4500 |
| 005 - DATE AND TIME OF LATEST TRANSACTION | |
| control field | 20230116121225.0 |
| 008 - FIXED-LENGTH DATA ELEMENTS--GENERAL INFORMATION | |
| fixed length control field | 210629c2020 eng||||| |||| 00| 0 eng d |
| 041 ## - LANGUAGE CODE | |
| Language code of text/sound track or separate title | eng |
| 245 ## - TITLE STATEMENT | |
| Title | International Journal of American Linguistics / |
| Statement of responsibility, etc. | Editor : Вavid Beck, Fernando Zuniga. |
| 260 ## - PUBLICATION, DISTRIBUTION, ETC. | |
| Place of publication, distribution, etc. | Chicago, |
| Date of publication, distribution, etc. | 2020. |
| 300 ## - PHYSICAL DESCRIPTION | |
| Extent | V. |
| Other physical details | 23 cm. |
| 653 ## - INDEX TERM--UNCONTROLLED | |
| Uncontrolled term | ლინგვისტიკა |
| 653 ## - INDEX TERM--UNCONTROLLED | |
| Uncontrolled term | პერიოდიკა |
| 653 ## - INDEX TERM--UNCONTROLLED | |
| Uncontrolled term | Лингвистика |
| 700 ## - ADDED ENTRY--PERSONAL NAME | |
| Personal name | Beck, Вavid |
| Relator term | რედაქტორი |
| 9 (RLIN) | 12146 |
| 700 ## - ADDED ENTRY--PERSONAL NAME | |
| Personal name | Zuniga, Fernando |
| Relator term | რედაქტორი |
| 9 (RLIN) | 12147 |
| 942 ## - ADDED ENTRY ELEMENTS (KOHA) | |
| Source of classification or shelving scheme | |
| Koha item type | პერიოდიკა |
| Withdrawn status | Lost status | Source of classification or shelving scheme | Damaged status | Not for loan | Permanent Location | Current Location | Date acquired | Serial Enumeration / chronology | Barcode | Date last seen | Copy number | Price effective from | Koha item type |
|---|---|---|---|---|---|---|---|---|---|---|---|---|---|
| შიდა ფონდი | ბათუმის შოთა რუსთაველის სახელმწიფო უნივერსიტეტის მთავარი ბიბლიოთეკა | ბათუმის შოთა რუსთაველის სახელმწიფო უნივერსიტეტის მთავარი ბიბლიოთეკა | 2021-06-29 | Volume 86, Number (1), January (2020) | p80846 | 2021-06-29 | 80846 | 2021-06-29 | პერიოდიკა | ||||
| შიდა ფონდი | ბათუმის შოთა რუსთაველის სახელმწიფო უნივერსიტეტის მთავარი ბიბლიოთეკა | ბათუმის შოთა რუსთაველის სახელმწიფო უნივერსიტეტის მთავარი ბიბლიოთეკა | 2021-06-29 | Volume 86, Number (2), April (2020) | p80847 | 2021-06-29 | 80847 | 2021-06-29 | პერიოდიკა | ||||
| შიდა ფონდი | ბათუმის შოთა რუსთაველის სახელმწიფო უნივერსიტეტის მთავარი ბიბლიოთეკა | ბათუმის შოთა რუსთაველის სახელმწიფო უნივერსიტეტის მთავარი ბიბლიოთეკა | 2021-06-29 | Volume 86, Number (3), July (2020) | p80848 | 2021-06-29 | 80848 | 2021-06-29 | პერიოდიკა | ||||
| შიდა ფონდი | ბათუმის შოთა რუსთაველის სახელმწიფო უნივერსიტეტის მთავარი ბიბლიოთეკა | ბათუმის შოთა რუსთაველის სახელმწიფო უნივერსიტეტის მთავარი ბიბლიოთეკა | 2021-06-29 | Volume 86, Number (4), October (2020) | p80849 | 2021-06-29 | 80849 | 2021-06-29 | პერიოდიკა |
